000
00231nam a22001217a 4500
040
_c
SY
082
_a
635
100
_a
LY DALIN
245
_a
Post harvest of cut flowers
260
_a
RUA
_b
LY DALIN
300
_a
43p.
942
_c
EK
999
_c
8806
_d
8806